00898cam a2200217 a 4500001001300000003000400013005001700017008004100034010001700075040001800092050002400110051002100134100003300155245003800188260004900226300002000275440003200295505030600327500003000633999001700663ca 24000762 DLC20260227111113.0751020s1924 ksu 000 0 eng  aca 24000762  aDLCcDLCdDLC00aPR6031.O87bH6 1924 aAC1b.L8 no. 5341 aPowys, Llewelyn,d1884-1939.10aHoney and gall /cLlewelyn Powys. aGirard, Kan. :bHaldeman-Julius Co.,cc1924. a64 p. ;c13 cm. 0aLittle blue book ;vno. 5340 aThe magic in names -- When I consider thy heavens -- The blessings of longevity -- The sense of smell -- The open spaces of New York -- In durance vile -- The circus within a circus -- The moods of March -- The moods of April -- Ungasolened pleasures -- In exitu de Egypto -- The inconsistant visitor. aAdvertising matter : p.64 c15879d15879